| 000 | 00686nam a2200193 a 4500 | ||
|---|---|---|---|
| 001 | 000022247 | ||
| 005 | 20200930011641.0 | ||
| 008 | 100920s1969 sp d r 000 0 spa d | ||
| 040 |
_aDO-SdBNP _bspa _cBNPHU |
||
| 082 |
_axxxx _bM374v |
||
| 100 | 1 |
_aMarston, Anson _946001 |
|
| 245 | 1 | 0 |
_aValoración de instalaciones industriales / _cAnson Marston , Robley Winfrey , Jean c. Hempstead. |
| 260 |
_aBarcelona : _bHispano Europea, _c1969. |
||
| 300 |
_a563 p. : _bdiag. ; _c22 cm. |
||
| 440 | 0 |
_aColección de la Escuela Superior de Administración y Dirección de Empresas de Barcelona _946002 |
|
| 700 | 1 |
_aWinfrey, Robley _946003 |
|
| 700 | 1 |
_aHempstead, Jean C. _946004 |
|
| 049 | _aBNGR | ||
| 999 |
_c21745 _d21745 |
||